Economics (Record no. 464)

MARC details
000 -LEADER
fixed length control field 00429 a2200181 4500
001 - CONTROL NUMBER
control field 066407
003 - CONTROL NUMBER IDENTIFIER
control field OSt
005 - DATE AND TIME OF LATEST TRANSACTION
control field 20210928112428.0
008 - FIXED-LENGTH DATA ELEMENTS--GENERAL INFORMATION
fixed length control field
020 ## - INTERNATIONAL STANDARD BOOK NUMBER
International Standard Book Number 9788131505779
082 ## - DEWEY DECIMAL CLASSIFICATION NUMBER
Classification number 330
Item number M31E
100 1# - MAIN ENTRY--PERSONAL NAME
Personal name Mankiw, N. Gregory
245 1# - TITLE STATEMENT
Title Economics
Statement of responsibility, etc by N. Gregory Mankiw
260 ## - PUBLICATION, DISTRIBUTION, ETC. (IMPRINT)
Place of publication, distribution, etc New Delhi
Name of publisher, distributor, etc Cengage Learning
Date of publication, distribution, etc 2007
300 ## - PHYSICAL DESCRIPTION
Extent 684p.
630 ## - SUBJECT ADDED ENTRY--UNIFORM TITLE
Uniform title Economics
942 ## - ADDED ENTRY ELEMENTS (KOHA)
Source of classification or shelving scheme Dewey Decimal Classification
Koha item type Books
Holdings
Withdrawn status Lost status Source of classification or shelving scheme Damaged status Not for loan Collection code Home library Current library Date acquired Source of acquisition Cost, normal purchase price Full call number Barcode Date last seen Price effective from Koha item type
    Dewey Decimal Classification     General Text Book Central University Of Rajasthan Central University Of Rajasthan 07/03/2012 ECO 495.00 330 M31E 693 21/11/2024 02/09/2020 Books